Modern metal joining techniques (Record no. 4174)

MARC details
000 -LEADER
fixed length control field 00477nam a2200181Ia 4500
003 - CONTROL NUMBER IDENTIFIER
control field IN-BaIIA
008 - FIXED-LENGTH DATA ELEMENTS--GENERAL INFORMATION
fixed length control field 211028s9999 xx 000 0 eng d
020 ## - INTERNATIONAL STANDARD BOOK NUMBER
International Standard Book Number 471-76615-1
040 ## - CATALOGING SOURCE
Transcribing agency IIA Library
080 ## - UNIVERSAL DECIMAL CLASSIFICATION NUMBER
Universal Decimal Classification number 621.791
Item number SCH
100 ## - MAIN ENTRY--PERSONAL NAME
Personal name Schwartz, M. M
9 (RLIN) 7341
245 #0 - TITLE STATEMENT
Title Modern metal joining techniques
Statement of responsibility, etc. Mel M. Schwartz
260 ## - PUBLICATION, DISTRIBUTION, ETC.
Place of publication, distribution, etc. New York
Name of publisher, distributor, etc. John Wiley & Sons
Date of publication, distribution, etc. 1969
300 ## - PHYSICAL DESCRIPTION
Extent xi, 479p.
650 ## - SUBJECT ADDED ENTRY--TOPICAL TERM
Topical term or geographic name entry element NASA thesaurus
650 ## - SUBJECT ADDED ENTRY--TOPICAL TERM
Topical term or geographic name entry element Works practice
9 (RLIN) 7342
942 ## - ADDED ENTRY ELEMENTS (KOHA)
Koha item type Books
Holdings
Withdrawn status Lost status Damaged status Not for loan Home library Current library Shelving location Date acquired Cost, normal purchase price Total Checkouts Full call number Barcode Date last seen Cost, replacement price Price effective from Koha item type Purchase Price
        IIA Library-Bangalore IIA Library-Bangalore General Stacks 18/04/1973 178.60   621.791/ SCH 4658 05/11/2021 178.60 18/04/1973 Books Rs. 178.60

Powered by Koha